[Event "IIFL Wealth  4th Mumbai Junior U-13"]
[Site "Mumbai"]
[Date "2019.01.04"]
[Round "6"]
[White "Larmet, Nino"]
[Black "Vegi Bhavishnu Sai Sivaji"]
[Result "1-0"]
[WhiteElo "1835"]
[BlackElo "1225"]
[Annotator "NA"]
[PlyCount "171"]
[EventDate "2018.12.30"]
[EventType "swiss"]
[EventCountry "IND"]
[SourceTitle "playchess.com"]
[Source "ChessBase"]
[SourceQuality "1"]

1. e4 c5 2. Nc3 Nc6 3. g3 e6 4. Bg2 g6 5. Nge2 Bg7 6. d3 Nge7 7. O-O O-O 8. Bg5 Re8 9. Qd2 b6 10. f4 Bb7 11. g4 Qc7 12. Bh4 f6 13. Bg3 Qd8 14. Nb5 d6 15. f5 e5 16. c4 a6 17. Nbc3 g5 18. Bf2 Rc8 19. Ng3 Qd7 20. Nh5 Rcd8 21. h4 h6 22. hxg5 hxg5 23. Be3 Nc8 24. Kf2 Nd4 25. Rh1 Qe7 26. Rh3 Kf7 27. Rah1 Rh8 28. Ke1 Rdg8 29. Bf3 Ke8 30. Bd1 Kd8 31. Qh2 Kc7 32. Ne2 Nxe2 33. Bxe2 Kb8 34. Qf2 Ka8 35. Rf1 Qd7 36. Bd1 Na7 37. Rf3 Nc6 38. Qd2 Nd4 39. R3f2 Bc6 40. Qc3 Kb7 41. b4 Ba4 42. Qa3 Bxd1 43. Kxd1 Nc6 44. Bd2 Nd4 45. Bc3 Ra8 46. Bxd4 exd4 47. Rb2 Rhc8 48. Qb3 Rc6 49. Rh1 Bh8 50. Rbh2 Rc7 51. Ng3 Bg7 52. Rh7 cxb4 53. Nh5 Qc6 54. Rxg7 Rxg7 55. Nxg7 Qc5 56. Qb2 a5 57. Ne6 Qe5 58. Qh2 Qxh2 59. Rxh2 a4 60. Rh7+ Kc8 61. Rh8+ Kb7 62. Rxa8 Kxa8 63. Nxd4 Kb7 64. Kc2 Ka6 65. Nb5 Kb7 66. Nxd6+ Kc6 67. Ne8 Kc5 68. Nxf6 Kd6 69. Nd5 Ke5 70. f6 Ke6 71. d4 Kf7 72. e5 Ke6 73. Nxb4 Kf7 74. Kd3 Ke6 75. Ke4 Kf7 76. Kf5 Kg8 77. d5 Kf8 78. Ke6 Ke8 79. d6 Kd8 80. f7 Kc8 81. f8=Q+ Kb7 82. Qe7+ Ka8 83. Qd8+ Kb7 84. Qc7+ Ka8 85. Qc8+ Ka7 86. Nc6# 1-0

[Event "IIFL Wealth  4th Mumbai Junior U-13"]
[Site "Mumbai"]
[Date "2019.01.04"]
[Round "6"]
[White "Krishnan Ritvik"]
[Black "Bajaj Prakhar"]
[Result "0-1"]
[WhiteElo "1812"]
[BlackElo "1551"]
[Annotator "NA RC"]
[PlyCount "60"]
[EventDate "2018.12.30"]
[EventType "swiss"]
[EventCountry "IND"]
[SourceTitle "playchess.com"]
[Source "ChessBase"]
[SourceQuality "1"]

1. e4 c5 2. Nf3 e6 3. c3 d5 4. exd5 exd5 5. d4 Nf6 6. Bb5+ Bd7 7. Bxd7+ Nbxd7 8. O-O Be7 9. dxc5 Nxc5 10. Be3 O-O 11. h3 Nfe4 12. Nd4 Qd7 13. Bf4 Bd6 14. Bxd6 Qxd6 15. Qg4 g6 16. Rd1 f5 17. Qh4 Rad8 18. Na3 a6 19. f3 Ng3 20. b4 Na4 21. Rac1 b5 22. Re1 Rde8 23. Nb1 f4 24. Qg4 Qb6 25. Kh2 Qd6 26. Ne6 Rf7 27. Ng5 Rfe7 28. Rxe7 Rxe7 29. Rd1 Nb2 30. Rg1 h6 0-1

[Event "IIFL Wealth  4th Mumbai Junior U-13"]
[Site "Mumbai"]
[Date "2019.01.04"]
[Round "6"]
[White "Ayush Sharma"]
[Black "Shravan Swaminathan"]
[Result "1-0"]
[WhiteElo "1778"]
[BlackElo "1488"]
[Annotator "NA"]
[PlyCount "103"]
[EventDate "2018.12.30"]
[EventType "swiss"]
[EventCountry "IND"]
[SourceTitle "playchess.com"]
[Source "ChessBase"]
[SourceQuality "1"]

1. e4 c6 2. d4 d5 3. exd5 cxd5 4. Bd3 Nf6 5. c3 e6 6. Bf4 Bd6 7. Bxd6 Qxd6 8. Nf3 O-O 9. O-O Nfd7 10. Nbd2 Nc6 11. Qc2 f5 12. Rad1 Nf6 13. Rfe1 Ne4 14. Ne5 Nxe5 15. dxe5 Qb6 16. Nf3 Bd7 17. Nd4 Rac8 18. Qb3 Qxb3 19. axb3 Nc5 20. Bc2 Kf7 21. b4 Na6 22. Ra1 Ra8 23. Ra5 Nc7 24. Rea1 a6 25. h4 Ke7 26. Bd3 h6 27. Kf1 h5 28. Ke2 g6 29. Ke3 Rg8 30. Kf4 Rgf8 31. R5a3 Rac8 32. Rh1 Na8 33. b5 axb5 34. Ra7 Rc7 35. Bxb5 Nb6 36. Rha1 Rb8 37. Kg5 Kf7 38. Bxd7 Nxd7 39. Nb5 Rc6 40. Nd6+ Kg7 41. Nxb7 Rc4 42. f3 Nxe5 43. Nd6+ Kg8 44. Kf6 Nc6 45. Ra8 Kh7 46. Rxb8 Nxb8 47. Ra7+ Kh6 48. Nf7+ Kh7 49. Ng5+ Kg8 50. Rg7+ Kf8 51. Nxe6+ Ke8 52. Re7# 1-0

[Event "IIFL Wealth  4th Mumbai Junior U-13"]
[Site "Mumbai"]
[Date "2019.01.04"]
[Round "6"]
[White "Garv Rai"]
[Black "Athalye Varad"]
[Result "1-0"]
[WhiteElo "1772"]
[BlackElo "1442"]
[Annotator "NA RC"]
[PlyCount "93"]
[EventDate "2018.12.30"]
[EventType "swiss"]
[EventCountry "IND"]
[SourceTitle "playchess.com"]
[Source "ChessBase"]
[SourceQuality "1"]

1. d4 Nf6 2. Bf4 d6 3. Nc3 g6 4. e4 Bg7 5. Qd2 O-O 6. O-O-O Nbd7 7. Nf3 b6 8. e5 Nh5 9. Bh6 Bb7 10. Be2 Rb8 11. g4 Bxf3 12. Bxf3 Bxh6 13. Qxh6 Ng7 14. h4 Re8 15. h5 Nf8 16. hxg6 fxg6 17. Bc6 e6 18. Bxe8 Nxe8 19. Ne4 d5 20. Ng5 Qe7 21. Rd3 c5 22. Rf3 Rb7 23. Nxh7 Nxh7 24. Qxg6+ Qg7 25. Qxe8+ Nf8 26. Rxf8+ Qxf8 27. Rh8+ Kxh8 28. Qxf8+ Kh7 29. dxc5 bxc5 30. Qxc5 Rg7 31. f3 Rf7 32. Qe3 Kg7 33. Qg5+ Kf8 34. f4 Rg7 35. Qd8+ Kf7 36. Qd7+ Kf8 37. Qxe6 Rf7 38. f5 d4 39. g5 Re7 40. Qc8+ Kf7 41. g6+ Kg7 42. f6+ Kxg6 43. fxe7 Kh6 44. e8=Q Kh7 45. Qh3+ Kg7 46. Qe7+ Kg8 47. Qhh7# 1-0

[Event "IIFL Wealth  4th Mumbai Junior U-13"]
[Site "Mumbai"]
[Date "2019.01.04"]
[Round "6"]
[White "Bhagyashree Patil"]
[Black "Singh, Arjun Kumar"]
[Result "1-0"]
[WhiteElo "1758"]
[BlackElo "1461"]
[Annotator "NA"]
[PlyCount "95"]
[EventDate "2018.12.30"]
[EventType "swiss"]
[EventCountry "IND"]
[SourceTitle "playchess.com"]
[Source "ChessBase"]
[SourceQuality "1"]

1. e4 c5 2. Nf3 e6 3. d4 cxd4 4. Nxd4 a6 5. Be3 Nf6 6. Nd2 Qc7 7. Be2 Be7 8. O-O d6 9. c4 b6 10. f3 Bb7 11. b4 O-O 12. Rc1 Nc6 13. a3 Rac8 14. Qe1 Rfd8 15. Qf2 Nxd4 16. Bxd4 Nd7 17. Nb3 Bf6 18. Rc2 Bxd4 19. Nxd4 Ne5 20. Rfc1 Ng6 21. Nb3 Bc6 22. Rc3 Qb7 23. g3 d5 24. exd5 exd5 25. c5 Ba4 26. Nd4 Ne5 27. Qf1 b5 28. Qf2 Nc6 29. f4 Nxd4 30. Qxd4 Qc6 31. Bf3 Rc7 32. Re1 h6 33. Re5 Rcd7 34. Kf2 Kh8 35. Ke1 f6 36. Re2 Rc7 37. Rce3 a5 38. Bh5 f5 39. Re6 Qb7 40. Re8+ Rxe8 41. Rxe8+ Kh7 42. Qe5 Rf7 43. Bxf7 Qxf7 44. Re7 Qg6 45. c6 Qg4 46. Qxg7+ Qxg7 47. Rxg7+ Kxg7 48. c7 1-0

[Event "IIFL Wealth  4th Mumbai Junior U-13"]
[Site "Mumbai"]
[Date "2019.01.04"]
[Round "6"]
[White "Ananmay Sharma"]
[Black "Vishal Shewale"]
[Result "1-0"]
[WhiteElo "1749"]
[BlackElo "1287"]
[Annotator "NA RC"]
[PlyCount "75"]
[EventDate "2018.12.30"]
[EventType "swiss"]
[EventCountry "IND"]
[SourceTitle "playchess.com"]
[Source "ChessBase"]
[SourceQuality "1"]

1. d4 Nf6 2. Bf4 g6 3. e3 Bg7 4. c4 O-O 5. Nc3 d6 6. Nf3 Nbd7 7. Be2 Qe8 8. Bg3 e5 9. Nb5 Qd8 10. dxe5 dxe5 11. Nxe5 c6 12. Nc3 Qa5 13. Nxd7 Nxd7 14. Qc1 Re8 15. O-O Nc5 16. f3 Bxc3 17. bxc3 Na4 18. Bd1 Nb6 19. Bb3 Be6 20. Rd1 Nxc4 21. Bxc4 Bxc4 22. Rd4 b5 23. Bh4 f5 24. Qd2 Bd5 25. Rxd5 cxd5 26. Qxd5+ Kf8 27. Qd6+ Kg8 28. Qd5+ Kf8 29. Bg5 Qc7 30. Bh6+ Ke7 31. Rd1 Rac8 32. Bf4 Qc6 33. Bg5+ Kf8 34. Bh6+ Ke7 35. Qe5+ Kf7 36. Qg7+ Ke6 37. Bg5 Qxc3 38. Qd7+ 1-0

[Event "IIFL Wealth  4th Mumbai Junior U-13"]
[Site "Mumbai"]
[Date "2019.01.04"]
[Round "6"]
[White "Arhan Chethan Anand"]
[Black "Khairmode Aditya"]
[Result "1-0"]
[WhiteElo "1710"]
[BlackElo "1337"]
[Annotator "NA RC"]
[PlyCount "93"]
[EventDate "2018.12.30"]
[EventType "swiss"]
[EventCountry "IND"]
[SourceTitle "playchess.com"]
[Source "ChessBase"]
[SourceQuality "1"]

1. d4 Nf6 2. c4 g6 3. Nc3 d5 4. Nf3 Bg7 5. Qb3 dxc4 6. Qxc4 O-O 7. e4 e6 8. Bf4 c6 9. a4 Qb6 10. a5 Qxb2 11. Ra2 b5 12. Rxb2 bxc4 13. Rxb8 Rxb8 14. Bxb8 Ba6 15. Be5 Rd8 16. Be2 Rd7 17. O-O Rb7 18. Rb1 Rxb1+ 19. Nxb1 Nxe4 20. Bxg7 Kxg7 21. Ne5 Nd6 22. Na3 Nf5 23. Nxc6 Bb7 24. Nxa7 Nxd4 25. Bxc4 Kf8 26. a6 Ba8 27. N3b5 Nc6 28. Nxc6 Bxc6 29. Nc7 Ke7 30. Bb5 Be4 31. f3 Kd8 32. Nxe6+ fxe6 33. fxe4 Kc7 34. e5 Kb6 35. Kf2 h6 36. Bc4 g5 37. Bxe6 Kxa6 38. Bd7 Kb6 39. Ke3 Kc7 40. Ba4 Kd8 41. Ke4 Ke7 42. Kd5 h5 43. g4 hxg4 44. Bb5 Kf7 45. Kd6 g3 46. e6+ Kf6 47. hxg3 1-0

[Event "IIFL Wealth  4th Mumbai Junior U-13"]
[Site "Mumbai"]
[Date "2019.01.04"]
[Round "6"]
[White "Mahajan Ayush"]
[Black "Anurag Panigrahi"]
[Result "1-0"]
[WhiteElo "1629"]
[BlackElo "1315"]
[Annotator "NA"]
[PlyCount "73"]
[EventDate "2018.12.30"]
[EventType "swiss"]
[EventCountry "IND"]
[SourceTitle "playchess.com"]
[Source "ChessBase"]
[SourceQuality "1"]

1. e4 c5 2. c3 d6 3. d4 cxd4 4. cxd4 Nf6 5. Bd3 g6 6. Be3 Bg7 7. f3 O-O 8. Ne2 Nc6 9. Qd2 d5 10. e5 Ne8 11. O-O Qb6 12. Nbc3 e6 13. Rac1 Bd7 14. h4 f6 15. f4 Nb4 16. Bb1 Nc7 17. a3 Nba6 18. h5 f5 19. Rf3 Nb5 20. g4 Nxc3 21. Nxc3 fxg4 22. Rg3 gxh5 23. Qh2 Be8 24. Rxg4 hxg4 25. Qxh7+ Kf7 26. Bg6+ Ke7 27. Qxg7+ Bf7 28. f5 Nc7 29. f6+ Ke8 30. Bh6 Qxd4+ 31. Kh1 Kd7 32. Bxf7 Rad8 33. Bxe6+ Kxe6 34. Qe7+ Kf5 35. Rf1+ Kg6 36. Qg7+ Kh5 37. Qg5# 1-0

[Event "IIFL Wealth  4th Mumbai Junior U-13"]
[Site "Mumbai"]
[Date "2019.01.04"]
[Round "6"]
[White "Akshit Jha"]
[Black "Sohanganesh Uddhav Nikam"]
[Result "0-1"]
[WhiteElo "1604"]
[BlackElo "1299"]
[Annotator "NA RC"]
[PlyCount "118"]
[EventDate "2018.12.30"]
[EventType "swiss"]
[EventCountry "IND"]
[SourceTitle "playchess.com"]
[Source "ChessBase"]
[SourceQuality "1"]

1. e4 e5 2. Nf3 Nc6 3. Bc4 Bc5 4. c3 Nf6 5. d3 d6 6. Bb3 a6 7. h3 Ba7 8. Nbd2 Be6 9. Nf1 Bxb3 10. Qxb3 Rb8 11. Ng3 h6 12. Nf5 O-O 13. O-O Ne7 14. N3h4 Kh7 15. Qd1 Ng6 16. Qe2 Nf4 17. Bxf4 exf4 18. Nf3 g6 19. N5d4 c5 20. Nc2 Re8 21. Qd2 g5 22. Rfe1 d5 23. e5 Nh5 24. d4 c4 25. Qe2 f5 26. Nh2 Nf6 27. f3 Nh5 28. Qd1 Re6 29. Nf1 Qe7 30. Kh2 Rg8 31. g4 fxg3+ 32. Nxg3 g4 33. Nxh5 Qh4 34. Nf4 g3+ 35. Kg2 Qxf4 36. Ne3 Rd8 37. Qc2 Rxe5 38. dxe5 Bxe3 39. Rxe3 Qxe3 40. Qxf5+ Kg8 41. Qg6+ Kf8 42. Qf6+ Ke8 43. Kxg3 Kd7 44. Qd6+ Kc8 45. Qe6+ Kc7 46. Rd1 Qg5+ 47. Kf2 Qh4+ 48. Ke2 Qg3 49. Rxd5 Qg2+ 50. Ke3 Qg1+ 51. Ke4 Qb1+ 52. Kd4 Qd3+ 53. Kc5 Rxd5+ 54. Kb4 Rb5+ 55. Ka3 Qd5 56. Qe7+ Kb8 57. Qe8+ Ka7 58. e6 Qc5+ 59. Ka4 Ra5# 0-1

[Event "IIFL Wealth  4th Mumbai Junior U-13"]
[Site "Mumbai"]
[Date "2019.01.04"]
[Round "6"]
[White "Pingale Shivraj"]
[Black "Nanal Arnav"]
[Result "1/2-1/2"]
[WhiteElo "1580"]
[BlackElo "1456"]
[Annotator "NA RC"]
[PlyCount "99"]
[EventDate "2018.12.30"]
[EventType "swiss"]
[EventCountry "IND"]
[SourceTitle "playchess.com"]
[Source "ChessBase"]
[SourceQuality "1"]

1. e4 c6 2. d4 d5 3. e5 Bf5 4. c4 e6 5. Nc3 dxc4 6. Bxc4 Ne7 7. Nf3 h6 8. O-O Nd5 9. Bd3 Bxd3 10. Qxd3 Be7 11. Be3 Nd7 12. a3 O-O 13. Ne4 N7b6 14. Rac1 Rc8 15. Nfd2 Nxe3 16. fxe3 c5 17. Rf3 cxd4 18. Rxc8 Nxc8 19. exd4 Nb6 20. Nf6+ Bxf6 21. exf6 e5 22. dxe5 Qxd3 23. Rxd3 Re8 24. Nf3 Nc4 25. Rd7 Nxe5 26. Nxe5 Rxe5 27. Rxb7 a5 28. fxg7 Re2 29. h3 Kxg7 30. Kh2 Rc2 31. Kg3 Rd2 32. Rb5 Rc2 33. Rxa5 Rxb2 34. a4 Ra2 35. Ra8 Ra3+ 36. Kh4 Ra2 37. g4 Ra3 38. a5 Ra4 39. Kh5 Ra3 40. h4 Ra4 41. g5 hxg5 42. Kxg5 Ra1 43. a6 Ra4 44. h5 Ra5+ 45. Kg4 Ra4+ 46. Kf3 Ra5 47. Ke4 Rxh5 48. Rb8 Ra5 49. Rb6 f6 50. Kd4 1/2-1/2

[Event "IIFL Wealth  4th Mumbai Junior U-13"]
[Site "Mumbai"]
[Date "2019.01.04"]
[Round "6"]
[White "Vedant Nitin vekhande"]
[Black "Sneha Halder"]
[Result "1-0"]
[WhiteElo "1564"]
[BlackElo "1282"]
[Annotator "NA RC"]
[PlyCount "113"]
[EventDate "2018.12.30"]
[EventType "swiss"]
[EventCountry "IND"]
[SourceTitle "playchess.com"]
[Source "ChessBase"]
[SourceQuality "1"]

1. e4 d5 2. exd5 Qxd5 3. Nc3 Qa5 4. Bc4 Nf6 5. Nf3 Bf5 6. d3 e6 7. Bd2 c6 8. O-O Be7 9. Nd5 Qd8 10. Nxe7 Qxe7 11. Nh4 Bg6 12. Nxg6 hxg6 13. Bf4 Nbd7 14. Re1 O-O-O 15. Qf3 Nb6 16. Bg3 Nxc4 17. dxc4 Nh5 18. Be5 Nf6 19. Qe3 b6 20. Qf3 Kb7 21. a4 Rh5 22. a5 Qe8 23. axb6 axb6 24. Qa3 Ra8 25. Qd6 Qd8 26. Rxa8 Qxd6 27. Rea1 Qd1+ 28. Rxd1 Kxa8 29. Bxf6 gxf6 30. Rd8+ Kb7 31. Rd7+ Ka6 32. Rxf7 Rf5 33. c3 g5 34. g3 b5 35. c5 Rxc5 36. Rxf6 Re5 37. Kf1 Ka5 38. f4 gxf4 39. gxf4 Rh5 40. Rxe6 Rxh2 41. Rxc6 Rxb2 42. f5 Rd2 43. f6 Rd7 44. Ke2 Ka4 45. Ke3 Rd1 46. Rc8 Rf1 47. Rf8 Kb3 48. f7 Rf6 49. Ke4 Rf1 50. Kd5 Rf5+ 51. Ke6 Rf1 52. Rc8 Re1+ 53. Kd5 Rf1 54. f8=Q Rxf8 55. Rxf8 Kxc3 56. Kc5 b4 57. Rf3+ 1-0

[Event "IIFL Wealth  4th Mumbai Junior U-13"]
[Site "Mumbai"]
[Date "2019.01.04"]
[Round "6"]
[White "Bharadia Yash"]
[Black "Sai Mahati A"]
[Result "1-0"]
[WhiteElo "1559"]
[BlackElo "1267"]
[Annotator "NA RC"]
[PlyCount "109"]
[EventDate "2018.12.30"]
[EventType "swiss"]
[EventCountry "IND"]
[SourceTitle "playchess.com"]
[Source "ChessBase"]
[SourceQuality "1"]

1. e4 e5 2. Nf3 Nc6 3. Bb5 a6 4. Ba4 Nf6 5. O-O Be7 6. Re1 b5 7. Bb3 d6 8. c3 Na5 9. Bc2 c5 10. h3 O-O 11. d4 Qc7 12. Nbd2 Bd7 13. d5 Rfc8 14. b3 Nb7 15. a4 bxa4 16. bxa4 Na5 17. Ba3 Rcb8 18. Qe2 Bf8 19. Nf1 Nb3 20. Bxb3 Rxb3 21. Qc4 Rb6 22. Ng3 Rab8 23. Nd2 Qd8 24. Ne2 Qe8 25. Bc1 Bc8 26. f4 exf4 27. Nxf4 a5 28. Qd3 Nd7 29. Qg3 Ne5 30. Nd3 f6 31. Nxe5 Qxe5 32. Qxe5 fxe5 33. Nc4 Rb1 34. Bg5 Rxe1+ 35. Rxe1 Bd7 36. Ra1 Be8 37. Nxa5 Ra8 38. Nc6 Ra6 39. a5 Bxc6 40. dxc6 Rxc6 41. a6 Rc8 42. a7 Ra8 43. Bd8 Kf7 44. Bc7 Ke7 45. Bb8 Kd8 46. Rb1 Kc8 47. Rf1 Be7 48. Rf7 Bd8 49. Rxg7 h6 50. Bxd6 h5 51. Bxe5 c4 52. Bd4 h4 53. e5 Bc7 54. e6 Kb7 55. Be5 1-0

[Event "IIFL Wealth  4th Mumbai Junior U-13"]
[Site "Mumbai"]
[Date "2019.01.04"]
[Round "6"]
[White "Aditya Ramanathan"]
[Black "Barde Om"]
[Result "0-1"]
[WhiteElo "1493"]
[BlackElo "1801"]
[Annotator "NA RC"]
[PlyCount "80"]
[EventDate "2018.12.30"]
[EventType "swiss"]
[EventCountry "IND"]
[SourceTitle "playchess.com"]
[Source "ChessBase"]
[SourceQuality "1"]

1. e4 c5 2. c3 Nf6 3. e5 Nd5 4. d4 cxd4 5. Nf3 e6 6. cxd4 Nc6 7. Bc4 d6 8. Qe2 Be7 9. O-O O-O 10. Nc3 Nxc3 11. bxc3 dxe5 12. dxe5 Qc7 13. Bd2 b6 14. Bb3 Bb7 15. Bc2 Rfd8 16. Rfe1 Na5 17. Ng5 h6 18. Nxf7 Kxf7 19. Qh5+ Kf8 20. Bxh6 gxh6 21. Qxh6+ Ke8 22. Qxe6 Rd2 23. Bg6+ Kd8 24. Qg8+ Kd7 25. Bf5+ Kc6 26. Qg6+ Kb5 27. Reb1+ Ka6 28. Bd3+ Nc4 29. a4 Bd5 30. a5 Kb7 31. a6+ Kb8 32. Bxc4 Bxc4 33. Re1 Bc5 34. Kh1 Qf7 35. Qc6 Bd5 36. e6 Qg8 37. Qxa8+ Kxa8 38. Rg1 Rxf2 39. e7 Bxg2+ 40. Rxg2 Qxg2# 0-1

[Event "IIFL Wealth  4th Mumbai Junior U-13"]
[Site "Mumbai"]
[Date "2019.01.04"]
[Round "6"]
[White "Arjun Sidharth S"]
[Black "Bagwe Gaurang"]
[Result "0-1"]
[WhiteElo "1489"]
[BlackElo "1768"]
[Annotator "NA RC"]
[PlyCount "63"]
[EventDate "2018.12.30"]
[EventType "swiss"]
[EventCountry "IND"]
[SourceTitle "playchess.com"]
[Source "ChessBase"]
[SourceQuality "1"]

1. d4 d5 2. Nf3 c6 3. e3 Bf5 4. c4 e6 5. Nc3 h6 6. Be2 Nf6 7. Bd2 Nbd7 8. a3 Bd6 9. b4 O-O 10. Qb3 dxc4 11. Bxc4 e5 12. d5 Nb6 13. dxc6 Nxc4 14. Qxc4 Rc8 15. b5 bxc6 16. bxc6 Bd7 17. O-O Bxc6 18. Qe2 Qd7 19. e4 Rfd8 20. Rfd1 Qb7 21. Re1 Qe7 22. a4 Bb4 23. a5 Ba8 24. Rec1 Bxc3 25. Bxc3 Nxe4 26. Bxe5 Rxc1+ 27. Rxc1 Nc5 28. Qc4 Bxf3 29. gxf3 Nd3 30. Bf4 Nxc1 31. Qxc1 Qb7 32. Be5 0-1

[Event "IIFL Wealth  4th Mumbai Junior U-13"]
[Site "Mumbai"]
[Date "2019.01.04"]
[Round "6"]
[White "Ananya Arumbakkam"]
[Black "Sarvade Mihiir"]
[Result "1/2-1/2"]
[WhiteElo "1405"]
[BlackElo "1563"]
[Annotator "NA RC"]
[PlyCount "68"]
[EventDate "2018.12.30"]
[EventType "swiss"]
[EventCountry "IND"]
[SourceTitle "playchess.com"]
[Source "ChessBase"]
[SourceQuality "1"]

1. e4 c5 2. Nf3 d6 3. Bb5+ Bd7 4. Bxd7+ Qxd7 5. O-O Nc6 6. Qe2 Nf6 7. Rd1 e6 8. d4 cxd4 9. Nxd4 Be7 10. c4 O-O 11. Nc3 Nxd4 12. Rxd4 Qc6 13. b3 Nd7 14. Bb2 Bf6 15. Rd3 Nc5 16. Rg3 Bxc3 17. Bxc3 e5 18. Qg4 Ne6 19. Re1 g6 20. Qh4 Qd7 21. Rd1 Qd8 22. Qh6 Nf4 23. Kf1 Qe7 24. Bd2 Ne6 25. Bg5 f6 26. Bc1 f5 27. exf5 Rxf5 28. Ba3 Rd8 29. Kg1 Rd7 30. Kf1 Rd8 31. Kg1 Rd7 32. Kf1 Rd8 33. Kg1 Rd7 34. Kf1 Rd8 1/2-1/2

[Event "IIFL Wealth  4th Mumbai Junior U-13"]
[Site "Mumbai"]
[Date "2019.01.04"]
[Round "6"]
[White "Mitank Maru"]
[Black "Aditya Varun Gampa"]
[Result "0-1"]
[WhiteElo "1312"]
[BlackElo "1809"]
[Annotator "NA RC"]
[PlyCount "102"]
[EventDate "2018.12.30"]
[EventType "swiss"]
[EventCountry "IND"]
[SourceTitle "playchess.com"]
[Source "ChessBase"]
[SourceQuality "1"]

1. c4 c5 2. Nc3 Nc6 3. e3 Nf6 4. d4 cxd4 5. exd4 d5 6. Nf3 e6 7. Bg5 Be7 8. Be2 O-O 9. O-O b6 10. Rc1 Bb7 11. a3 dxc4 12. Bxc4 Nd5 13. Bxe7 Ncxe7 14. Ne2 Rc8 15. b4 Qd6 16. Qd2 Rfd8 17. Rfd1 Rc7 18. Ng5 Nf6 19. Nh3 Rxc4 20. Rxc4 Qd5 21. Nhf4 Qxc4 22. Rc1 Qa6 23. Rc7 Rd7 24. Rxd7 Nxd7 25. Qb2 Qc4 26. h3 Nd5 27. Nxd5 Qxd5 28. f3 Ba6 29. Nf4 Qc4 30. Kh2 e5 31. Nh5 exd4 32. Ng3 Qc3 33. Qa2 Bc4 34. Qf2 d3 35. Ne4 Qe5+ 36. Kg1 h6 37. Nd2 b5 38. a4 Nf8 39. axb5 Bxb5 40. f4 Qc3 41. Ne4 Qxb4 42. Qe3 a5 43. Nd2 a4 44. g3 a3 45. Qe1 a2 46. Kf2 Qd4+ 47. Kf3 a1=Q 48. Qxa1 Qc3 49. Qb2 Qxb2 50. Ke3 Qa1 51. Kf3 Qe1 0-1

[Event "IIFL Wealth  4th Mumbai Junior U-13"]
[Site "Mumbai"]
[Date "2019.01.04"]
[Round "6"]
[White "Wahba, David George"]
[Black "Jain Adi"]
[Result "0-1"]
[WhiteElo "1295"]
[BlackElo "1545"]
[Annotator "NA RC"]
[PlyCount "58"]
[EventDate "2018.12.30"]
[EventType "swiss"]
[EventCountry "IND"]
[SourceTitle "playchess.com"]
[Source "ChessBase"]
[SourceQuality "1"]

1. e4 e5 2. Nf3 Nc6 3. Bc4 Nf6 4. Ng5 d5 5. exd5 Na5 6. Bb5+ c6 7. dxc6 bxc6 8. Qf3 Rb8 9. Bxc6+ Nxc6 10. Qxc6+ Nd7 11. d3 h6 12. Ne4 Rb6 13. Qc4 Ba6 14. Qa4 f5 15. Ng3 Bb5 16. Qxa7 Bc5 17. Qa5 Bxd3 18. c3 Qc8 19. Qa4 O-O 20. Qd1 Rd6 21. Qb3+ Kh8 22. Nd2 Qc6 23. Rg1 Bxf2+ 24. Kd1 Bxg1 25. Nf3 Bc4+ 26. Kc2 Bxb3+ 27. Kxb3 Rb8+ 28. Kc2 Qd5 29. Bxh6 Qd3+ 0-1

[Event "IIFL Wealth  4th Mumbai Junior U-13"]
[Site "Mumbai"]
[Date "2019.01.04"]
[Round "6"]
[White "Vivaan Vijay Saraogi"]
[Black "Shah Jeet"]
[Result "0-1"]
[WhiteElo "1290"]
[BlackElo "1904"]
[Annotator "NA RC"]
[PlyCount "78"]
[EventDate "2018.12.30"]
[EventType "swiss"]
[EventCountry "IND"]
[SourceTitle "playchess.com"]
[Source "ChessBase"]
[SourceQuality "1"]

1. e4 e5 2. Nf3 Nc6 3. Bb5 a6 4. Ba4 Nf6 5. O-O Be7 6. Re1 b5 7. Bb3 d6 8. h3 O-O 9. c3 Nb8 10. d4 Nbd7 11. Nbd2 Bb7 12. Bc2 Re8 13. d5 c6 14. dxc6 Bxc6 15. Nf1 Bf8 16. Ng3 g6 17. Bb3 Nc5 18. Bc2 a5 19. Nh2 d5 20. Bg5 Be7 21. Bxf6 Bxf6 22. exd5 Qxd5 23. Qxd5 Bxd5 24. Ng4 Bg7 25. a3 f5 26. Nh2 e4 27. Rad1 Rad8 28. Bb1 Bb3 29. Rxd8 Rxd8 30. Nhf1 Na4 31. Ne2 Nxb2 32. Ne3 Nd3 33. Rf1 f4 34. Bxd3 exd3 35. Nxf4 d2 36. Nd1 Bc4 37. Ne6 Bxe6 38. Kh2 Bc4 39. Rg1 Be2 0-1

[Event "IIFL Wealth  4th Mumbai Junior U-13"]
[Site "Mumbai"]
[Date "2019.01.04"]
[Round "6"]
[White "Srivatsan Karthikeyan"]
[Black "Mahi Amit Doshi"]
[Result "1/2-1/2"]
[WhiteElo "1288"]
[BlackElo "1551"]
[Annotator "NA RC"]
[PlyCount "89"]
[EventDate "2018.12.30"]
[EventType "swiss"]
[EventCountry "IND"]
[SourceTitle "playchess.com"]
[Source "ChessBase"]
[SourceQuality "1"]

1. e4 c6 2. d4 d5 3. exd5 cxd5 4. Bd3 Nc6 5. c3 Qc7 6. h3 Nf6 7. Nf3 e6 8. O-O Bd6 9. Re1 O-O 10. Bg5 Nd7 11. Na3 a6 12. Nc2 h6 13. Bd2 e5 14. dxe5 Ndxe5 15. Bf1 Bf5 16. Ne3 Be4 17. Nxe5 Nxe5 18. Qb3 Rad8 19. c4 dxc4 20. Bxc4 Nxc4 21. Nxc4 Bd5 22. Ba5 Qxa5 23. Nxa5 Bxb3 24. axb3 b6 25. Nc4 Bb4 26. Red1 b5 27. Ne5 Rxd1+ 28. Rxd1 Rc8 29. Nd3 Rd8 30. Kf1 Be7 31. Ke2 Bf6 32. Ra1 Rd6 33. Ra2 Bd8 34. b4 Re6+ 35. Kf1 Rc6 36. Nc5 Bf6 37. b3 Kf8 38. Rxa6 Rxa6 39. Nxa6 Be5 40. Ke2 Ke7 41. Kd3 Kd6 42. Nc5 Kd5 43. g3 Bd4 44. Ne4 f5 45. Nd6 1/2-1/2

[Event "IIFL Wealth  4th Mumbai Junior U-13"]
[Site "Mumbai"]
[Date "2019.01.04"]
[Round "6"]
[White "Parab Ram Vishal"]
[Black "Bang Atharva"]
[Result "1-0"]
[WhiteElo "1242"]
[BlackElo "1582"]
[Annotator "NA RC"]
[PlyCount "59"]
[EventDate "2018.12.30"]
[EventType "swiss"]
[EventCountry "IND"]
[SourceTitle "playchess.com"]
[Source "ChessBase"]
[SourceQuality "1"]

1. e4 c6 2. d4 d5 3. exd5 cxd5 4. Nf3 Nc6 5. Be2 Qc7 6. O-O Nf6 7. Nc3 a6 8. Bg5 e6 9. Re1 Be7 10. Bd3 O-O 11. Qd2 b5 12. a3 Na5 13. Ne5 Nc4 14. Nxc4 dxc4 15. Bxf6 Bxf6 16. Be4 Bb7 17. Bxb7 Qxb7 18. Ne4 Be7 19. c3 Rfd8 20. Rad1 Rd7 21. Qf4 Qd5 22. Re3 f5 23. Ng5 Bxg5 24. Qxg5 Rad8 25. Rde1 Re8 26. Re5 Qc6 27. Qe3 Rd6 28. Rxf5 Rd5 29. Rxd5 Qxd5 30. Qe5 1-0

[Event "IIFL Wealth  4th Mumbai Junior U-13"]
[Site "Mumbai"]
[Date "2019.01.05"]
[Round "7"]
[White "Gukesh D"]
[Black "Manish, Kumar"]
[Result "1-0"]
[WhiteElo "2466"]
[BlackElo "2132"]
[Annotator "TA"]
[PlyCount "83"]
[EventDate "2018.12.30"]
[EventType "swiss"]
[EventCountry "IND"]
[SourceTitle "playchess.com"]
[Source "ChessBase"]
[SourceQuality "1"]

1. Nf3 Nf6 2. g3 g6 3. b3 Bg7 4. Bb2 O-O 5. Bg2 d6 6. d4 c5 7. c4 cxd4 8. Nxd4 Nbd7 9. O-O Rb8 10. Nc3 Nc5 11. e3 Bd7 12. Qe2 a6 13. h3 Ne6 14. Rfd1 Qa5 15. Rac1 Rfc8 16. a3 b5 17. b4 Qb6 18. cxb5 axb5 19. Ncxb5 Rxc1 20. Rxc1 Bxb5 21. Nxb5 Qxb5 22. Rc8+ Nf8 23. Qxb5 Rxb5 24. Bc6 Rb6 25. Bd4 Ra6 26. a4 Nd5 27. Bxg7 Kxg7 28. Bxd5 Rxa4 29. b5 Rb4 30. Rb8 Ne6 31. b6 Nc5 32. b7 e6 33. Bc6 Rb6 34. g4 Kf6 35. f4 Na6 36. g5+ Kf5 37. Ra8 Rxc6 38. Rxa6 Rc1+ 39. Kf2 Rb1 40. Rxd6 Rxb7 41. Kf3 Rb3 42. Rb6 1-0